000 00495nam a22001817a 4500
005 20251108172200.0
008 250721s1992 xx 000 0 ara d
082 1 4 _a612.85/رام
100 1 _aرامسي، أولف
_eتأليف
245 1 0 _aالعناية بالأذن /
264 1 _aبيروت :
_bالدار العربية للعلوم،
_c1992.
300 _a100 ص
650 1 7 _aالأمراض
650 1 7 _aالأذن
650 1 7 _aالطب
942 _2ddc
_cBK
999 _c72510
_d72510